000 00476nam a2200169Ia 4500
999 _c275
_d275
003 OSt
005 20210916100451.0
008 190216s9999||||xx |||||||||||||| ||und||
040 _coclc
082 _a297
_bRRA/A
100 _aRrafi, Mohammed Nisabu
_98850
245 0 _aAthavassulu Ila Hakeekathan Thavassul /
_cRrafi, Mohammed Nisabu
260 _bIslamic Studies,
300 _a382p
650 _aArabic
942 _cBK
_2ddc
_h297
_iRRA/A
_k297
_mRRA/A